Statistics for Currencies of Europe Quiz

Click here to take the quiz!

General Stats

  • This quiz has been taken 99 times
    (81 since last reset)
  • The average score is 38 of 49

Answer Stats

CountryCurrency% Correct
VaticanEuro
98%
FranceEuro
98%
LuxembourgEuro
98%
LithuaniaEuro
98%
AndorraEuro
98%
LatviaEuro
98%
ItalyEuro
98%
IrelandEuro
98%
MontenegroEuro
98%
NetherlandsEuro
98%
GreeceEuro
98%
GermanyEuro
98%
PortugalEuro
98%
FinlandEuro
98%
MonacoEuro
98%
EstoniaEuro
98%
San MarinoEuro
98%
CyprusEuro
98%
SlovakiaEuro
98%
SloveniaEuro
98%
SpainEuro
98%
BelgiumEuro
98%
AustriaEuro
98%
MaltaEuro
98%
United KingdomPound
92%
RussiaRuble
91%
BelarusRuble
91%
SwitzerlandFranc
83%
LiechtensteinFranc
83%
SwedenKrone
81%
NorwayKrone
81%
IcelandKrone
81%
TurkeyLira
81%
PolandZloty
77%
HungaryForint
58%
BulgariaLev
57%
MoldovaLeu
49%
RomaniaLeu
49%
DenmarkKoruna
47%
CzechiaKoruna
47%
AlbaniaLek
45%
North MacedoniaDenar
34%
SerbiaDenar
34%
UkraineHryvnia
34%
CroatiaKuna
34%
ArmeniaDram
23%
GeorgiaLari
23%
Bosnia and HerzegovinaConvertible mark
21%
AzerbaijanManat
21%

Score Distribution

Percentile by Number Answered

Percent of People with Each Score

Your Score History

You have not taken this quiz since the last reset